[Event "FRA-ch U20"]
[Site "Troyes"]
[Date "2010.04.18"]
[Round "9"]
[White "Valles, Manuel"]
[Black "Younes, Jean Francois"]
[Result "1-0"]
[WhiteElo "2242"]
[BlackElo "1777"]
[PlyCount "40"]
[EventDate "2010.04.11"]
[EventType "swiss"]
[EventRounds "9"]
[EventCountry "FRA"]
[SourceTitle "EXT 2012"]
[Source "ChessBase"]
[SourceDate "2011.11.24"]
[SourceVersion "1"]
[SourceVersionDate "2011.11.24"]
[SourceQuality "1"]

1. d4 f5 2. c4 g6 3. Nc3 Bg7 4. h4 h6 5. Nh3 e6 6. e4 fxe4 7. Nf4 Qf6 8. Be3 Ne7 9. Nxe4 Qf5 10. Bd3 Qa5+ 11. Nc3 Rg8 12. 0-0 Nbc6 13. Nb5 Nxd4 14. Nxd4 e5 15. Nb3 Qa4 16. Nxg6 Qc6 17. Qh5 Kd8 18. Nxe7 Kxe7 19. Qg6 d6 20. Be4 Qd7 1-0

[Event "FRA-ch U20"]
[Site "Troyes"]
[Date "2010.04.15"]
[Round "6"]
[White "Younes, Jean Francois"]
[Black "Blum, Nicolas"]
[Result "0-1"]
[WhiteElo "1777"]
[BlackElo "2268"]
[PlyCount "28"]
[EventDate "2010.04.11"]
[EventType "swiss"]
[EventRounds "9"]
[EventCountry "FRA"]
[SourceTitle "EXT 2012"]
[Source "ChessBase"]
[SourceDate "2011.11.24"]
[SourceVersion "1"]
[SourceVersionDate "2011.11.24"]
[SourceQuality "1"]

1. d4 Nf6 2. Nc3 d5 3. Nf3 Bf5 4. Bf4 e6 5. a3 c5 6. e3 Nc6 7. Be2 Be7 8. 0-0 0-0 9. Ne5 Rc8 10. Qd2 a6 11. f3 cxd4 12. exd4 Nxd4 13. Be3 Nxc2 14. Rac1 Nxe3 0-1